000 01271nam a2200337 i 4500
001 000044889
003 DO-SdBNP
005 20250703110955.0
007 ta
008 150109s2014 dr 000 0 spa d
020 _a9789945412963
040 _aDO-SdBNP
_bspa
_cBNPHU
_erda
041 _hspa
082 _a304.64
_bM778m
_222
100 1 _aMontalvo Sánchez, Juan
_eautor
_972900
245 1 4 _aMujeres que en proceso de dar vida la pierden :
_bestudio cualitativo de la mortalidad materna en República Dominicana /
_cJuan Montero Sánchez, Manuel Arian, Juan de Jesús Rodríguez.
264 _aSanto Domingo :
_bFundación Global Democracia y Desarrollo (Funglode),
_c2014.
300 _a55 páginas ;
_c24 cm.
336 _ardacontent
_btexto
_2txt
337 _ardamedia
_bsin mediación
_2n
338 _ardacarrier
_bvolumen
_2nc
490 1 _aCuadernos de política ;
_aPolíticas públicas ;
590 _aInventariado, 2019/ YL
650 4 _aMortalidad materna
_zRepública Dominicana
_952134
650 4 _aSalud maternoinfantil
_zRepública Dominicana
_935342
700 1 _aJesús Rodríguez, Juan de
_972901
700 1 _aSánchez, Arian
_972902
830 0 0 _aCuadernos de política
_pPolíticas públicas
_972903
910 _aYL
942 _2ddc
_cLBS1
999 _c44378
_d44378